Normal view
MARC view
- تاليف الحلي،لصفي الدين؛تحقيق رشيد عبد الرحمن العبيدي
Entry Personal Name
001 - CONTROL NUMBER
- control field: 11970
003 - CONTROL NUMBER IDENTIFIER
- control field: JO-AjAnu
005 - DATE AND TIME OF LATEST TRANSACTION
- control field: 20230606072223.0
008 - FIXED-LENGTH DATA ELEMENTS
- fixed length control field: 230606|| aca||aabn | a|a d
040 ## - CATALOGING SOURCE
- Original cataloging agency: JO-AjAnu
- Transcribing agency: JO-AjAnu
100 ## - HEADING--PERSONAL NAME
- Personal name: تاليف الحلي،لصفي الدين؛تحقيق رشيد عبد الرحمن العبيدي
670 ## - SOURCE DATA FOUND
- Source citation: Work cat.: (JO-AjAnu)6165: تاليف الحلي،لصفي الدين؛تحقيق رشيد عبد الرحمن العبيدي, author, نتائج الألمعية في شرح الكافية البديعية